000 01031nmm a2200301 a 4500
001 ocm0002146299
003 TR-IsHL
005 20201028182529.0
008 190203s2015 tu tur
007 cr cn
020 _a9786051511313
035 _a2146299
_b(N$T)
050 0 4 _aBF311
_b.O95 2015
090 0 4 _aBF311
_b.O95 2015
100 1 _aÖzkan, Zülfikar
245 1 0 _aZihinsel terapi: bilincin gelişimi ve sinerjinin gücü
_h[electronic resource] /
_cZülfikar Özkan ; yayın editörü Rahime Demir
260 _aİstanbul :
_bHayat Yayınları,
_c2015
300 _a341 p.
650 4 _aFelsefe, Psikoloji ve Din
650 4 _aPhilosophy, Psychology and Religion
650 0 _aÖzbilinç (Farkındalık)
650 0 _aSelf-consciousness
650 0 _aZihinsel iyileşme
650 0 _aMental healing
650 7 _aSELF-HELP / Personal Growth / Success
_2bisacsh
700 1 _aDemir, Rahime
856 4 0 _uhttp://search.ebscohost.com/login.aspx?direct=true&scope=site&db=e011xww&AN=2146299
999 _c20112
_d20112